| 000 | 00690nam a2200241Ia 4500 | ||
|---|---|---|---|
| 003 | OSt | ||
| 005 | 20220918221856.0 | ||
| 006 | a|||||r|||| 00| 0 | ||
| 007 | ta | ||
| 008 | 220917b |||||||| |||| 00| 0 eng d | ||
| 024 | _a210,455 | ||
| 037 | _cTextual | ||
| 040 |
_aARTS _cARTS _beng |
||
| 041 |
_2eng _aeng |
||
| 082 | _aQ:23v, N9(TTPS) | ||
| 100 |
_aBhattacharyya N.N. _96699 |
||
| 245 | 0 |
_aHistory of the tantric religion _b An historical,ritualistic and philosophical study |
|
| 250 | _a2nd revised | ||
| 260 |
_aNew Delh _bManohar _c1999 |
||
| 300 |
_a483 p _ccm. |
||
| 942 |
_hQ:23v, N9(TTPS) _cTEXL _2CC |
||
| 999 |
_c273872 _d273872 |
||